000 00710nam a2200229 a 4500
001 BRL_662
005 20190320210836.0
008 230913s1978----it-o######---#000-0#ita-#
041 _aita
044 _ait
050 4 _aD802.I82
_b.M46 1978
100 1 _aMeoni, Vittorio
_924567
245 1 0 _aUna vittoria partigiana
_b(Monticchiello 6 Aprile 44)
_cVittorio Meoni : fotografie di Ferrucio Malandrini.
260 _aSiena
_bANPI
_c1978
300 _a122 p.
_bil.
_c24 cm.
500 _aAu738
650 1 4 _aGuerra Mundial II, 1939-1945
_zSiena (Italia)
_924568
651 4 _aSiena (Italia)
_xHistoria militar
_ySiglo XX
_924569
700 1 _aMalandrini, Fetruccio
_eil.
_924570
902 _aGRL
942 _2lcc
_cB
999 _c9474
_d9474